000 00815nmm a2200265 a 4500
001 ocm000884637
003 TR-IsHL
005 20201028144009.0
008 141121s2008 tu tur
007 cr cn
020 _a9789758727087
035 _a884637
_b(N$T)
050 0 4 _aPL248.B553
_bM57 2008
090 0 4 _aPL248.B553
_bM57 2008
100 1 _aBilgili, Alper
245 1 0 _aMisyoner
_h[electronic resource] /
_cAlper Bilgili
260 _aİstanbul :
_bİstanbul Yayınevi,
_c2008
300 _a167 p.
650 4 _aDil ve Edebiyat
650 4 _aLanguage and Literature
650 0 _aTürk romanı
650 0 _aTurkish fiction
650 7 _aLITERARY COLLECTIONS / Middle Eastern
_2bisacsh
856 4 0 _uhttp://search.ebscohost.com/login.aspx?direct=true&scope=site&db=e011xww&AN=884637
999 _c9196
_d9196